000 00453nam a22001577a 4500
005 20171005110551.0
010 _a1718EN-30
020 _a9789384636494
_c200.00
037 _adpl
_bSaraswat
245 _aStatistical investigator
260 _aNew Delhi
_bKD Publication
_c2015
270 _a701, 2nd Floor, Dr. Mukherjee Nagar,
_bNew Delhi
_e110009
300 _a229p.
_c23cm(pbk)
942 _2ddc
_cEN
_mSTA
999 _c146103
_d146103